| 000 | 00945nam a22002177a 4500 | ||
|---|---|---|---|
| 003 | CO-NeUS | ||
| 005 | 20180426062621.0 | ||
| 008 | 131105b ck ||||| |||| 00| 0 spa d | ||
| 020 | _a9589272037 | ||
| 040 |
_aCO-NeUS _bspa _cCO-NeUS |
||
| 082 | 0 | 4 |
_a302.23861 _bH271 |
| 100 | 1 |
_aHerran, María Teresa _eAutor _949709 |
|
| 245 | 1 | 0 |
_aLa Industria de los medios masivos de comunicacion en Colombia _cMaria Teresa Herran |
| 250 | _a2ª edición . ampliada | ||
| 264 |
_aSantafe de Bogota _bFESCOL _c1991 |
||
| 300 | _a365 paginas. | ||
| 520 | _aEl estudio del Centro de Investigaciones para el Desarrollo de la Facultad de Economia de la Universidad Nacional, dirigido por Maria Teresa Herran, muestra bajo otro enfoque -el economico- uno de los elementos esenciales de la democracia, el periodismo. | ||
| 650 | 1 | 4 |
_aMedios de comunicación de masas _zColombia _9116130 |
| 650 | 1 | 4 |
_aPolitica y medios de comunicacion de masas _9128097 |
| 942 | _cCG | ||
| 999 |
_c1296 _d1296 |
||